00273nam a22001097a 4500008004100000020001800041041000800059080000800067100000700075101000800082245007300090181106b xxu||||| |||| 00| 0 eng d a9780130486158 aeng a370 a48 aEDU aAcademic Transformation The Road To College SuccesscCarol.W.D